00278 a2200121 4500001000700000020001800007040001100025100004800036240003000084245002500114300000800139362000900147175306 a85-10-02091-4 cMagnum aNoronha, Carlos Henrique Moura Mavignier de10aO espaço mundial 2lpor10aO espaço mundial 2 a1840 a1997